La automatización de la indización de los documentos /
Guardado en:
| Autor Principal: | |
|---|---|
| Formato: | Libro |
| Publicado: |
España :
Trea
|
| Materias: | |
| Etiquetas: |
Agregar Etiqueta
Sin Etiquetas, Sea el primero en etiquetar este registro!
|
| LEADER | 00746nam a22002175a 4500 | ||
|---|---|---|---|
| 001 | CEM.cems011106 | ||
| 005 | 20071127152710.0 | ||
| 008 | 130507b######################000#0#####d | ||
| 003 | CEMS | ||
| 020 | |a 8495178117 | ||
| 082 | 0 | 4 | |a 029.5 |
| 100 | 1 | |a Gil Leiva, Isidoro | |
| 245 | 1 | 0 | |a La automatización de la indización de los documentos / |c Isidoro Gil Leiva |
| 260 | |a España : |b Trea | ||
| 300 | |a 220 p. | ||
| 505 | 0 | |a Indización -- Automatización de la indización -- Propuesta par la automatización de la indización en el área de biblioteconomía | |
| 653 | |a Documentación | ||
| 653 | |a Indización | ||
| 653 | |a Indización automática | ||
| 653 | |a Lenguajes documentales | ||
| 859 | |a CEMS |b BIB. CEMS - 11 de abril |h 029.5 |i G37 |p 21912.02 |t Ej.1 | ||
